II Jornadas Nacionales sobre Internados Infantiles de Asistencia Social : 4 al 8 de Septiembre de 1972 4 al 8 de Septiembre de 1972
Publicado:
Málaga :
Diputación Provincial de Málaga, Hogar Provincial Ntra. Sra. de la Victoria, Instituto de la Juventud del Instituto de Estudios Políticos ,
1972
Descripción Física:
15 p., [3] f. solts ; 21 cm
MARC
| LEADER | 00000nam a2200000Ia 4500 | ||
|---|---|---|---|
| 001 | 19332 | ||
| 003 | BGR | ||
| 005 | 20260324180112.0 | ||
| 008 | 160829s1972 xx 000 0 cat d | ||
| 080 | |a FU-3-67 | ||
| 111 | |a Jornadas Nacionales sobre Internados Infantiles de Asistencia Social |9 71230 |c (Màlaga : |d 1972) | ||
| 245 | |a II Jornadas Nacionales sobre Internados Infantiles de Asistencia Social : |b 4 al 8 de Septiembre de 1972 | ||
| 260 | |a Málaga : |b Diputación Provincial de Málaga, Hogar Provincial Ntra. Sra. de la Victoria, Instituto de la Juventud del Instituto de Estudios Políticos, |c 1972 | ||
| 300 | |a 15 p., [3] f. solts ; |c 21 cm | ||
| 590 | |a És el programa de les jornades | ||
| 650 | |a Infants |x Protecció, assistència, etc. |x Congressos |9 46403 | ||
| 650 | |a Assitència social |x Congressos |9 46404 | ||
| 710 | 1 | |a Màlaga (Andalusia : Província). |b Diputación Provincial |9 55589 | |
| 901 | |a Arxiu | ||
| 942 | |n 1 |2 udc |c JC | ||
| 952 | |0 0 |1 0 |4 0 |6 FU367 |7 1 |9 53193 |a Arxiu |b Arxiu |d 2016-12-01 |l 0 |o FU-3-67 |p 19332 |r 2016-12-01 00:00:00 |w 2016-12-01 |y ARXIU | ||
| 999 | |c 57042 |d 57042 | ||